000 nam a22 7a 4500
999 _c40500
_d40500
003 OSt
005 20170916151026.0
008 170916b xxu||||| |||| 00| 0 eng d
040 _csero soft
100 _aK,kutty sures
245 _afoundations of sports & exercise psychology
260 _adelhi
_bsports pub
300 _a131
942 _2ddc
_c01